000
00297nam a22001217a 4500
008
211129b ||||| |||| 00| 0 eng d
020
_a
9780143419549
050
_a
423
_b
1
245
_a
Visual Dictionary
260
_a
New Delhi
_b
Dorlind Kindersley Limited
_c
1994
300
_a
1
942
_2
ddc
_c
BK
999
_c
11934
_d
11934